Attitudes towards training in multinational companies

Researchers of many different fields have studied the questions of organizational learning and knowledge. Foreign owned companies and joint ventures were observed in this paper, and the goal was to analyse the following topics: – The opinion of organizational members about conditions of education (i...

Teljes leírás

Elmentve itt :
Bibliográfiai részletek
Szerzők: Málovics Éva
Málovics György
Dokumentumtípus: Könyv része
Megjelent: 2011
Sorozat:SZTE Gazdaságtudományi Kar közleményei
The diversity of research at the Szeged Institute of Business Studies
Kulcsszavak:Vállalati képzés, Szervezetelmélet, Vezetéstudomány
Tárgyszavak:
Online Access:http://acta.bibl.u-szeged.hu/36282
LEADER 02003naa a2200241 i 4500
001 acta36282
005 20220302152530.0
008 161017s2011 hu o 0|| eng d
022 |a 1588-8533 
040 |a SZTE Egyetemi Kiadványok Repozitórium  |b hun 
041 |a eng 
100 1 |a Málovics Éva 
245 1 0 |a Attitudes towards training in multinational companies  |h [elektronikus dokumentum] /  |c  Málovics Éva 
260 |c 2011 
300 |a 175-186 
490 0 |a SZTE Gazdaságtudományi Kar közleményei 
490 0 |a The diversity of research at the Szeged Institute of Business Studies 
520 3 |a Researchers of many different fields have studied the questions of organizational learning and knowledge. Foreign owned companies and joint ventures were observed in this paper, and the goal was to analyse the following topics: – The opinion of organizational members about conditions of education (inhibitor and facilitating factors of learning) – Attitudes on the area of reception and utilization of knowledge – Attitudes and perceptions on sharing of knowledge The conclusion that has been established is that training and education are of important value and a part of strategy in the observed organizations. The general satisfaction with training is considered to be at an overall high and those people questioned regarded it as useful to their work. The perceived sharing of knowledge is also high. In the area of new ideas, only half of the sample thinks that the management facilitates them and, in the area of tolerating mistakes, similar characteristics were found. Concerning the appreciation of participation in training, the majority believe that it is not appreciated and awarded. 
650 4 |a Társadalomtudományok 
650 4 |a Közgazdasági és gazdálkodástudományok 
695 |a Vállalati képzés, Szervezetelmélet, Vezetéstudomány 
700 0 1 |a Málovics György  |e aut 
856 4 0 |u http://acta.bibl.u-szeged.hu/36282/1/gtk_2011_en_175-186.pdf  |z Dokumentum-elérés